000 00438 a2200085 4500
999 _c20412
_d20412
003 WA 310
005 20211124135643.0
008 190731s2011 pl f u |000 0 eng d
040 _aWA 310
_cWA 310
245 0 0 _aSieci kablowe służące do rozprowadzania sygnałów: - telewizyjnych, radiofonicznych i usług interaktywnych -- Część 3: Aktywne urządzenia szerokopasmowe dla współosiowych sieci kablowych PN-EN 60728-3:2011E /
_cKT nr 11.
246 1 3 _aPN-EN 60728-3
260 _aWarszawa :
_bKT nr 11,
_c2011.
300 _a68 stron ;
_c30 cm.
336 _2rdacontent
_aTekst
_btxt
337 _2rdamedia
_aBez urządzenia pośredniczącego
_bn
338 _2rdacarrier
_aWolumin
_bnc
590 _aNorma wycofana ; Zastąpiona przez PN-EN IEC 60728-3:2018-08 wersja angielska.
650 _aPolska norma
942 _2ddc
_cBK